000
00315nam a22001337a 4500
008
170831b xxu||||| |||| 00| 0 eng d
020
_a
9780321078919
041
_a
eng
080
_2
6TH
_a
070
100
_a
40
101
_a
MED
245
_a
THE SCOTT, FORESMAN HANDBOOK FOR WRITERS
_c
HAIRSTON,M
942
_2
udc
_c
BK
999
_c
25818
_d
25818